000
003090000a22001450004500
041
0
_a
Ing/Esp
082
0
4
_a
DVD 057
100
1
_a
Tim Burton
110
1
_a
Warner Home Video Inc.
245
1
0
_a
Charlie y la fabrica de chocolates
260
_a
Argentina :
505
0
0
_a
115 min
001
2179
942
_c
LGB
999
_c
49325
_d
49325